Algunos aspectos relativos a los enfoques sobre la crisis en Costa Rica

Spremljeno u:
Bibliografski detalji
Glavni autor: Romero Pérez, Jorge Enrique
Format: Tekst
Izdano: San José
Oznake: Dodaj oznaku
Bez oznaka, Budi prvi tko označuje ovaj zapis!

MARC

LEADER 00000 a a2200000 04500
001 21207
003
040
090 |a 092400  
100 |a Romero Pérez, Jorge Enrique  
245 |a Algunos aspectos relativos a los enfoques sobre la crisis en Costa Rica  
260 |a San José  
300 |a 15 p.  
999 |c 1731  |d 1731